| 000 | 00000nam##2200000za#4500 |
| 001 | 9.570367 |
| 003 | CaOODSP |
| 005 | 20210624182216 |
| 007 | cr ||||||||||| |
| 008 | 150406|2007||||xxc|||||o f|0| 0 eng|d |
| 040 | |aCaOODSP|beng |
| 043 | |an-cn--- |
| 086 | 1 |aIu182-1/2007-5E-PDF |
| 110 | 1 |aCanada. |bIndustry Canada. |bMicro-Economic Policy Analysis Branch. |
| 245 | 10|aCanada and U.S. outward FDI and exports : |h[electronic resource]|bare China and India special? / |c[by] Madanmohan Ghosh and Weimin Wang. |
| 260 | |aOttawa - Ontario : |bIndustry Canada. |
| 300 | |a45p.|bgraph, references, tables |
| 490 | 1 |aWorking paper series|v2007-05 |
| 546 | |a(Resumé en français.) |
| 590 | |a12-09-Supp|b2012-03-21 |
| 720 | 1 |aWang, Weimin |
| 720 | 1 |aGhosh, Madanmohan |
| 830 | #0|aWorking paper series ;|v2007-05|w(CaOODSP)9.504818 |
| 856 | 40|ahttp://publications.gc.ca|qPDF|s199 KB|uhttps://publications.gc.ca/collections/collection_2011/ic/Iu182-1-2007-5-eng.pdf|y2007-05 |
| 986 | |aIC 60347 |